Szakmai Gyakorlat

Bibliográfiai részletek
Szerző: Walter Fanni
További közreműködők: Surányi Dr. András
Dokumentumtípus: Záródolgozat
Kulcsszavak:Kommunikáció
Online Access:http://dolgozattar.uni-bge.hu/5135

MARC

LEADER 00000nta a2200000 i 4500
001 dolg5135
005 20160504102249.0
008 160504suuuu hu o 000 hun d
040 |a BGE Dolgozattár Repozitórium  |b hun 
041 |a hu 
100 1 |a Walter Fanni 
245 1 0 |a Szakmai Gyakorlat  |c Walter Fanni  |h [elektronikus dokumentum] 
516 |a Final_paper 
695 |a Kommunikáció 
700 1 |a Surányi Dr. András  |e ths 
856 4 0 |u http://dolgozattar.uni-bge.hu/5135/3/ZARODOLGOZATjavitott.pdf  |z Dokumentum-elérés